000
00335nam a22001577a 4500
003
SGT
020
_a
8196396-15-5
082
_a
615.321
_b
P15K
100
_a
KOKATE, C.K.
245
_a
PHARMACOGNOSY
250
_a
51ST
260
_a
PUNE
_b
NIRALI PRAKASHAN
_c
2015
300
_a
I-40
650
_a
PHARMACOGNOSY
942
_2
ddc
_c
BK
_0
13
999
_c
8254
_d
8254